Movies Quiz

Random Movies or James Bond Quiz

Sporcle's Easiest James Bond (per Letter) Quiz Stats

 Plays Quiz Updated Mar 17, 2019

Score 0/13 Timer 02:30
0 Plays Today
Letter Movie % Correct
GGoldfinger
87.3%
CCasino Royale
85.1%
QQuantum of Solace
82.1%
OOctopussy
80.7%
DDr. No
76.7%
MMoonraker
71.8%
SSkyfall
70.2%
LLive and Let Die
66.6%
YYou Only Live Twice
66%
FFrom Russia With Love
58.5%
TTomorrow Never Dies
42.6%
V(A) View to a Kill
42.5%
W(The) World Is Not Enough
35.7%

You're not logged in!

Compare scores with friends on all Sporcle quizzes.
OR
Log In

Sporcle TV

Today on Sporcle TV


Watch our educational content, quiz creation guides, and fun videos on Sporcle TV.

Show Comments

Extras

Top Quizzes Today


Score Distribution

Your Account Isn't Verified!

In order to create a playlist on Sporcle, you need to verify the email address you used during registration. Go to your Sporcle Settings to finish the process.

Report this User

Report this user for behavior that violates our Community Guidelines.

Details: